[Event "Godesberg 2- Schalksmühle"]
[Site "?"]
[Date "2023.04.23"]
[Round "7.4"]
[White "Koegler, Christof"]
[Black "Koelz, Niklas"]
[Result "1-0"]
[WhiteElo "1978"]
[BlackElo "1834"]
[PlyCount "87"]
[SourceVersionDate "2023.06.22"]

1. d4 Nf6 2. Nf3 e6 3. e3 d5 4. Bd3 Nbd7 5. Nbd2 Bd6 6. b3 O-O 7. Bb2 b6 8. Ne5
Bb7 9. Qf3 c5 10. Qh3 cxd4 11. Nxd7 Qxd7 12. Bxd4 Ne4 13. f3 Ng5 14. Qg4 h6 15.
h4 f5 16. Qh5 Nh7 17. f4 Bc5 18. Qe2 Qc7 19. O-O Nf6 20. Be5 Bd6 21. Nf3 Ng4
22. Bb2 Rae8 23. Nd4 Qe7 24. g3 g6 25. Bb5 Rc8 26. Qd2 Kh7 27. Be2 Nf6 28. Bf3
Rg8 29. Rac1 Ne4 30. Bxe4 dxe4 31. Rfd1 Rcd8 32. Qe2 e5 33. Nb5 exf4 34. exf4
Bb8 35. c4 Rxd1+ 36. Rxd1 Rd8 37. Qe1 a6 38. Rxd8 Qxd8 39. Nd4 Bd6 40. Ne6 Qe7
41. Qc3 g5 42. h5 Kg8 43. Qh8+ Kf7 44. Nd8+ 1-0

[Event "Godesberg 2- Schalksmühle"]
[Site "?"]
[Date "2023.04.23"]
[Round "7.5"]
[White "Luettich, Bodo"]
[Black "Selalmazidis, Arsenis"]
[Result "0-1"]
[WhiteElo "2074"]
[BlackElo "2043"]
[PlyCount "150"]
[SourceVersionDate "2023.06.22"]

1. d4 Nf6 2. c4 e6 3. Nc3 Bb4 4. Qb3 c5 5. e3 O-O 6. Nf3 d5 7. a3 Qa5 8. Bd2
Ne4 9. Nxe4 dxe4 10. Bxb4 cxb4 11. Nd2 Nc6 12. Be2 Rd8 13. Rd1 bxa3 14. bxa3 b6
15. O-O Bb7 16. Rfe1 Rab8 17. Nb1 Qg5 18. Qc2 Na5 19. Nd2 f5 20. f4 Qe7 21. Qb2
Ba6 22. Qb4 Rb7 23. Rc1 Qd7 24. Red1 Rc8 25. Bf1 Qd8 26. Nb3 Nxb3 27. Qxb3 Qe8
28. a4 Qe7 29. Rb1 Kh8 30. Qa2 g5 31. a5 bxa5 32. Rxb7 Bxb7 33. Qxa5 gxf4 34.
exf4 Qc7 35. Qxc7 Rxc7 36. Ra1 Bc6 37. Ra5 e3 38. Rc5 Rc8 39. g3 Bd7 40. Re5
Rb8 41. Rxe3 a5 42. Ra3 a4 43. Kf2 Rb2+ 44. Be2 Bc6 45. Ke3 Kg7 46. Bd1 Rxh2
47. Bxa4 Bxa4 48. Rxa4 Rg2 49. d5 exd5 50. cxd5 Rxg3+ 51. Kd4 h5 52. Ke5 Rd3
53. Ra7+ Kg6 54. Ra6+ Kg7 55. d6 h4 56. Kxf5 h3 57. Ra7+ Kh6 58. Ke6 h2 59. Ra8
Kg7 60. Ra1 Rd2 61. Ke7 Re2+ 62. Kd8 Rg2 63. Rh1 Kf7 64. d7 Rc2 65. f5 Rg2 66.
Kc7 Rc2+ 67. Kd6 Rd2+ 68. Ke5 Re2+ 69. Kf4 Ke7 70. Rd1 Kd8 71. Kf3 Rd2 72. Re1
Kxd7 73. Kf4 Rg2 74. f6 Rg1 75. Re7+ Kd6 0-1

[Event "Godesberg 2- Schalksmühle"]
[Site "?"]
[Date "2023.04.23"]
[Round "7.6"]
[White "Biedekoepper, Robert"]
[Black "Schmidt, Volker"]
[Result "0-1"]
[WhiteElo "1969"]
[BlackElo "1977"]
[Annotator "daniel"]
[PlyCount "116"]
[SourceVersionDate "2023.06.22"]

1. d4 f5 2. e4 fxe4 3. Nc3 Nf6 4. Bg5 Nc6 5. d5 Ne5 6. Qd4 Nf7 7. Bxf6 exf6 8.
Nxe4 Be7 9. O-O-O O-O 10. f4 f5 11. Ng3 g6 12. Bc4 d6 13. Nf3 Bf6 14. Qd2 Bd7
15. Ne2 Nh6 16. h3 Bg7 17. Ned4 Qf6 18. c3 Rfe8 19. Ng5 Re7 20. Nde6 Nf7 21.
Bb3 a5 22. a3 Bxe6 23. Nxe6 Bh8 24. a4 b5 25. Rhe1 Rb8 26. axb5 Rxb5 27. Nd4
Rb8 28. Ba4 Rxe1 29. Rxe1 Qh4 30. Ne6 g5 31. Bc2 gxf4 32. Bxf5 Be5 33. Rf1 Qh5
34. Bg4 Qh6 35. Nxf4 Nd8 36. Nd3 Qxd2+ 37. Kxd2 Bg7 38. Kc2 Bh6 39. Bd7 Kg7 40.
Ra1 Nb7 41. Bc6 Kg6 42. Bxb7 Rxb7 43. Rxa5 Rb8 44. Ra4 Re8 45. Rg4+ Kf5 46. b4
Re2+ 47. Kb3 Re3 48. Nb2 Bg5 49. b5 h5 50. Rc4 Bd8 51. g4+ hxg4 52. hxg4+ Kg5
53. Rd4 Bf6 54. Rd3 Re4 55. Nc4 Rxg4 56. b6 cxb6 57. Nxd6 Kf4 58. Nc4 Ke4 {ZÜ}
0-1

[Event "Godesberg 2- Schalksmühle"]
[Site "?"]
[Date "2023.04.23"]
[Round "7.8"]
[White "Rau, Nikita"]
[Black "Lutze, Max"]
[Result "0-1"]
[WhiteElo "2028"]
[BlackElo "1910"]
[PlyCount "72"]
[SourceVersionDate "2023.06.22"]

1. e4 c5 2. Nf3 g6 3. d3 Bg7 4. g3 Nc6 5. Bg2 d6 6. O-O Nf6 7. Nbd2 O-O 8. c3
e6 9. Nc4 d5 10. Nce5 Nxe5 11. Nxe5 Qc7 12. f4 dxe4 13. dxe4 b6 14. Qa4 Bb7 15.
Be3 Rfd8 16. Rfe1 h5 17. Qc4 h4 18. gxh4 Nh5 19. Nd3 a5 20. b4 axb4 21. cxb4
Ra3 22. Ne5 Bxe5 23. fxe5 Qxe5 24. Bf2 Rd2 25. Rad1 Raxa2 26. Rxd2 Rxd2 27.
bxc5 Qf4 28. Rf1 bxc5 29. Qxc5 Bxe4 30. Qg5 Bxg2 31. Qxg2 Qa4 32. Qb7 Rd1 33.
Qb8+ Kh7 34. Be1 Qd4+ 35. Kg2 Qe4+ 36. Kh3 Rxe1 0-1

[Event "Ennepe- Brühl"]
[Site "?"]
[Date "2023.04.23"]
[Round "7.1"]
[White "Loifenfeld, Jakov"]
[Black "Arndt, Stefan"]
[Result "1/2-1/2"]
[WhiteElo "2387"]
[BlackElo "2106"]
[PlyCount "63"]
[SourceVersionDate "2023.06.22"]

1. Nf3 d5 2. e3 Nf6 3. c4 e6 4. b3 Be7 5. Bb2 O-O 6. Nc3 b6 7. Qc2 Bb7 8. cxd5
exd5 9. Be2 Nbd7 10. Nb5 c5 11. d4 a6 12. Nc3 cxd4 13. Nxd4 Rc8 14. Rc1 Ne4 15.
Bd3 b5 16. Bxe4 dxe4 17. Qb1 Nc5 18. O-O Nd3 19. Rc2 Bd6 20. Nce2 Rxc2 21. Qxc2
Qh4 22. Ng3 Rc8 23. Qe2 g6 24. Rd1 Rc5 25. f4 exf3 26. Nxf3 Bxf3 27. Qxf3 Nxb2
28. Rxd6 Rc1+ 29. Nf1 Qe7 30. Rd2 Qe5 31. Kf2 Qc3 32. Qe2 1/2-1/2

[Event "Ennepe- Brühl"]
[Site "?"]
[Date "2023.04.23"]
[Round "7.2"]
[White "Tripolsky, Eugen"]
[Black "Keller, Thomas"]
[Result "1/2-1/2"]
[WhiteElo "2278"]
[BlackElo "2234"]
[PlyCount "32"]
[SourceVersionDate "2023.06.22"]

1. c4 Nf6 2. Nc3 g6 3. e4 d6 4. d4 Bg7 5. f3 O-O 6. Be3 c5 7. Nge2 cxd4 8. Nxd4
Nc6 9. Qd2 Bd7 10. O-O-O Qa5 11. Kb1 Rfc8 12. h4 h5 13. Be2 Ne5 14. Nd5 Qxd2
15. Rxd2 Nxd5 16. cxd5 Nc4 1/2-1/2

[Event "Ennepe- Brühl"]
[Site "?"]
[Date "2023.04.23"]
[Round "7.3"]
[White "Gramb, Marius"]
[Black "Heller, Achim"]
[Result "1-0"]
[WhiteElo "2225"]
[BlackElo "2033"]
[PlyCount "83"]
[SourceVersionDate "2023.06.22"]

1. e4 c6 2. d4 d5 3. e5 Bf5 4. Nd2 e6 5. Nb3 Nd7 6. Nf3 Qc7 7. Be2 a5 8. a4 c5
9. c3 c4 10. Nbd2 h6 11. O-O Ne7 12. Ne1 Bh7 13. f4 Nf5 14. Ndf3 Be7 15. g4 Nh4
16. Nxh4 Bxh4 17. Ng2 Be7 18. f5 g5 19. Be3 Qb6 20. Qd2 f6 21. Kh1 O-O 22. h4
Qc6 23. hxg5 hxg5 24. Bxg5 exf5 25. Bh4 Rf7 26. exf6 Nxf6 27. Bxf6 Qxf6 28. Bf3
Rd8 29. Rae1 Kh8 30. Qf4 Bd6 31. g5 Qg7 32. Qh4 Be7 33. Rxe7 Rxe7 34. Nf4 Kg8
35. Bxd5+ Rxd5 36. Nxd5 Rf7 37. Nf6+ Kh8 38. Re1 Rf8 39. Re5 Qg6 40. Re7 Rf7
41. Re8+ Kg7 42. Nh5+ 1-0

[Event "Ennepe- Brühl"]
[Site "?"]
[Date "2023.04.23"]
[Round "7.4"]
[White "Arakelian, Aik"]
[Black "Schaefer, Juergen"]
[Result "1/2-1/2"]
[WhiteElo "2001"]
[BlackElo "2147"]
[PlyCount "35"]
[SourceVersionDate "2023.06.22"]

1. c4 g6 2. Nc3 Bg7 3. g3 e5 4. Bg2 Nc6 5. e3 d6 6. Nge2 Be6 7. b3 Qc8 8. h3 h5
9. d4 Bd7 10. Ba3 Nh6 11. d5 Nd8 12. c5 dxc5 13. Bxc5 f5 14. Rc1 Ndf7 15. f4
Qd8 16. a4 Nd6 17. fxe5 Bxe5 18. Nf4 1/2-1/2

[Event "Ennepe- Brühl"]
[Site "?"]
[Date "2023.04.23"]
[Round "7.5"]
[White "Engel, Johann"]
[Black "Bruchmann, Norbert"]
[Result "1-0"]
[WhiteElo "2133"]
[BlackElo "2018"]
[PlyCount "67"]
[SourceVersionDate "2023.06.22"]

1. d4 e6 2. c4 Nf6 3. Nc3 Bb4 4. Nf3 b6 5. Bg5 Bb7 6. Qb3 a5 7. a3 a4 8. Qc2
Bxc3+ 9. Qxc3 h6 10. Bh4 g5 11. Bg3 Ne4 12. Qc2 d6 13. Nd2 f5 14. e3 h5 15. f3
Nxg3 16. hxg3 Qf6 17. O-O-O Bc8 18. g4 h4 19. gxf5 exf5 20. Nb1 Bd7 21. Nc3 Kd8
22. Nd5 Qf7 23. e4 Nc6 24. c5 bxc5 25. dxc5 Ra5 26. cxd6 cxd6 27. Kb1 fxe4 28.
fxe4 Rf8 29. Bc4 Qf2 30. Rd2 Qg3 31. Nb6 Bg4 32. Be2 Rc5 33. Qxc5 Bxe2 34.
Rxd6+ 1-0

[Event "Ennepe- Brühl"]
[Site "?"]
[Date "2023.04.23"]
[Round "7.7"]
[White "Haskelman, Evgen"]
[Black "Schaefer, Martin"]
[Result "1-0"]
[WhiteElo "2136"]
[BlackElo "1921"]
[PlyCount "69"]
[SourceVersionDate "2023.06.22"]

1. e4 c5 2. Nc3 a6 3. g3 Nc6 4. Bg2 g6 5. d3 d6 6. Be3 Bg7 7. Qd2 h5 8. h3 Bd7
9. Nge2 Nd4 10. Nd1 Bc6 11. Nf4 e5 12. Nd5 Bxd5 13. exd5 Nf5 14. Qe2 Nxe3 15.
Nxe3 Ne7 16. a4 b5 17. axb5 axb5 18. Rxa8 Qxa8 19. d4 Qa5+ 20. c3 cxd4 21. Nd1
O-O 22. O-O dxc3 23. Nxc3 b4 24. Ne4 Qb6 25. Ra1 Rd8 26. Ra6 Qc7 27. Qd2 b3 28.
Kh2 Qc2 29. Qa5 Rf8 30. Rxd6 Qxb2 31. Rb6 h4 32. g4 f5 33. d6 fxe4 34. dxe7
Rxf2 35. e8=Q+ 1-0

[Event "Bonn- Bergische SF"]
[Site "?"]
[Date "2023.04.23"]
[Round "7.1"]
[White "Harringer, Manfred"]
[Black "Haag, Martin"]
[Result "1/2-1/2"]
[WhiteElo "2015"]
[BlackElo "2230"]
[PlyCount "45"]
[SourceVersionDate "2023.06.22"]

1. e4 c5 2. Nf3 e6 3. g3 d5 4. exd5 exd5 5. d4 Nf6 6. Bg2 Be7 7. O-O O-O 8.
dxc5 Bxc5 9. Nbd2 Bf5 10. Nb3 Bb6 11. Bg5 Be4 12. Nbd4 Nbd7 13. c3 h6 14. Be3
Re8 15. h3 Rc8 16. Qd2 Bc5 17. Rfe1 Nb6 18. b3 a6 19. Qb2 Nbd7 20. Rad1 Qc7 21.
Bf4 Qd8 22. Be3 Qc7 23. Bf4 1/2-1/2

[Event "Bonn- Bergische SF"]
[Site "?"]
[Date "2023.04.23"]
[Round "7.2"]
[White "Hoppe, Thilo"]
[Black "Bosbach, Stefan"]
[Result "1/2-1/2"]
[WhiteElo "2119"]
[BlackElo "2097"]
[PlyCount "149"]
[SourceVersionDate "2023.06.22"]

1. d4 Nf6 2. c4 g6 3. Nc3 Bg7 4. e4 d6 5. f3 O-O 6. Be3 e5 7. d5 Ne8 8. Qd2 f5
9. O-O-O Nd7 10. exf5 gxf5 11. Bd3 Nc5 12. Bc2 a5 13. Nge2 Bd7 14. h3 f4 15.
Bxc5 dxc5 16. Ne4 Qe7 17. N2c3 Ra6 18. Qf2 b6 19. Ba4 Bxa4 20. Nxa4 Nd6 21.
Nxd6 cxd6 22. Rhe1 Rb8 23. Nc3 a4 24. a3 Bf6 25. Qc2 Qd7 26. Re4 Kh8 27. Kb1
Rg8 28. Rd2 Rg6 29. Ka2 Rg8 30. Qd3 Ra5 31. Rc2 Bd8 32. Nb5 Rg6 33. Nc3 Rg8 34.
Ree2 Rg6 35. Rc1 Be7 36. Qc2 Bd8 37. Rb1 Rf6 38. Qd3 Rf8 39. b3 axb3+ 40. Rxb3
Qf5 41. Qxf5 Rxf5 42. Nb5 Rf6 43. Rb1 Kg7 44. Nc3 Rg6 45. Kb3 Bc7 46. Rbb2 Kh6
47. Ra2 Kg7 48. a4 Kf8 49. Kc2 Ke7 50. Kd3 Ra8 51. Reb2 Kd7 52. Ke4 Rgg8 53.
Rb1 Bd8 54. Rg1 Bh4 55. Kd3 Ra5 56. Rb1 Bd8 57. Ne4 Rg6 58. Rbb2 Rh6 59. Ke2
Rg6 60. Kf1 h5 61. Kg1 h4 62. Kf1 Bc7 63. Re2 Bd8 64. Ke1 Bc7 65. Kd2 Bd8 66.
Kd3 Bc7 67. Nd2 Bd8 68. Ke4 Ke8 69. Nb3 Ra6 70. Nc1 Ra5 71. Nd3 Kd7 72. Reb2
Rg5 73. Rb5 Ra6 74. Nc1 Bc7 75. Nd3 1/2-1/2

[Event "Bonn- Bergische SF"]
[Site "?"]
[Date "2023.04.23"]
[Round "7.3"]
[White "Weiser, Hans- Josef"]
[Black "Lorenz, Roger"]
[Result "1/2-1/2"]
[WhiteElo "2010"]
[BlackElo "2161"]
[Annotator "daniel"]
[PlyCount "90"]
[SourceVersionDate "2023.06.22"]

1. d4 Nf6 2. Nf3 d5 3. e3 c5 4. b3 g6 5. Bb2 Bg7 6. Nbd2 O-O 7. Ne5 Qc7 8. Bd3
Nc6 9. Nxc6 Qxc6 10. O-O b6 11. Nf3 Bb7 12. Ne5 Qc7 13. f4 Ne4 14. Qe1 e6 15.
Rc1 $11 f6 16. Ng4 Nd6 17. c4 h5 18. Nf2 f5 19. Nh3 Nf7 20. Qg3 Kh7 21. Ng5+
Nxg5 22. Qxg5 Bf6 23. Qg3 Qg7 24. Ba3 Rfd8 25. dxc5 Be7 26. Rc2 d4 27. Bb2 bxc5
28. exd4 cxd4 29. Re2 Qf7 30. Rfe1 Bb4 31. Rd1 Rd7 32. a3 Bc3 33. b4 Qf6 34. c5
Bd5 35. Bb5 Rdd8 36. Qd3 Be4 37. Qg3 d3 38. Bxc3 dxe2 39. Rxd8 Rxd8 40. Bxe2
Qe7 41. Bb2 h4 42. Qe3 Rg8 43. Bc1 Qf6 44. b5 Qa1 45. Kf2 Rd8 1/2-1/2

[Event "Bonn- Bergische SF"]
[Site "?"]
[Date "2023.04.23"]
[Round "7.4"]
[White "Gikas, Andreas"]
[Black "Thelen, Harm- Wulf"]
[Result "1/2-1/2"]
[WhiteElo "2117"]
[BlackElo "2010"]
[PlyCount "40"]
[SourceVersionDate "2023.06.22"]

1. e4 e6 2. d4 d5 3. Nc3 Bb4 4. e5 Ne7 5. a3 Bxc3+ 6. bxc3 c5 7. a4 Nbc6 8. Nf3
Bd7 9. Bb5 a6 10. Bxc6 Bxc6 11. O-O cxd4 12. cxd4 O-O 13. Ng5 h6 14. Nh3 f5 15.
Nf4 Qc8 16. Ba3 Rf7 17. a5 Be8 18. Qd2 Kh7 19. Rfb1 Bb5 20. Bc5 Qd7 1/2-1/2

[Event "Bonn- Bergische SF"]
[Site "?"]
[Date "2023.04.23"]
[Round "7.5"]
[White "Eilers, Jochen"]
[Black "Gaul, Alexander"]
[Result "1/2-1/2"]
[WhiteElo "1925"]
[BlackElo "1932"]
[PlyCount "28"]
[SourceVersionDate "2023.06.22"]

1. e4 c6 2. d4 d5 3. e5 Bf5 4. c4 e6 5. Nc3 Ne7 6. Bg5 h6 7. Be3 Nd7 8. cxd5
Nxd5 9. Nxd5 exd5 10. Ne2 Qb6 11. Qb3 Bb4+ 12. Bd2 Bxd2+ 13. Kxd2 O-O 14. Qxb6
axb6 1/2-1/2

[Event "Bonn- Bergische SF"]
[Site "?"]
[Date "2023.04.23"]
[Round "7.6"]
[White "Koch, Matthias"]
[Black "Mueller, Andreas"]
[Result "1-0"]
[WhiteElo "1920"]
[BlackElo "1887"]
[PlyCount "33"]
[SourceVersionDate "2023.06.22"]

1. e4 c5 2. Nc3 Nc6 3. g3 g6 4. Bg2 Bg7 5. d3 d6 6. Be3 e6 7. Qd2 Nge7 8. Bh6
Bxh6 9. Qxh6 Ng8 10. Qd2 Qa5 11. Nh3 f5 12. f4 Nge7 13. O-O d5 14. exd5 exd5
15. Rae1 d4 16. Bxc6+ bxc6 17. Rxe7+ 1-0

[Event "Bochum 2- Herzogenrath"]
[Site "?"]
[Date "2023.04.23"]
[Round "7.1"]
[White "Kraemer, Matthias"]
[Black "Meirick, Ingo"]
[Result "1/2-1/2"]
[WhiteElo "2239"]
[BlackElo "2179"]
[PlyCount "55"]
[EventDate "2023.??.??"]
[SourceVersionDate "2023.06.22"]
[WhiteTeam "Bochumer SV 2"]
[BlackTeam "SV Herzogenrath"]

1. e4 c6 2. d4 d5 3. Nc3 dxe4 4. Nxe4 Bf5 5. Ng3 Bg6 6. h4 h6 7. Nf3 Nd7 8. Bf4
e6 9. Bd3 Bxd3 10. Qxd3 Qa5+ 11. Bd2 Bb4 12. Ne4 Ngf6 13. Nd6+ Ke7 14. Nxb7
Bxd2+ 15. Nxd2 Qb4 16. Qa3 Qxa3 17. bxa3 c5 18. Nb3 cxd4 19. O-O-O Rhc8 20.
Rxd4 Rc7 21. Nd6 Nd5 22. Nb5 Rb7 23. c4 a6 24. Na5 axb5 25. Nxb7 bxc4 26. Rxc4
Ra7 27. Rh3 Rxb7 28. Rb3 1/2-1/2

[Event "Bochum 2- Herzogenrath"]
[Site "?"]
[Date "2023.04.23"]
[Round "7.2"]
[White "Schreyer, Oliver"]
[Black "Wolter, Detlev"]
[Result "0-1"]
[WhiteElo "2109"]
[BlackElo "2191"]
[PlyCount "80"]
[EventDate "2023.??.??"]
[SourceVersionDate "2023.06.22"]
[WhiteTeam "SV Herzogenrath"]
[BlackTeam "Bochumer SV 2"]

1. d4 Nf6 2. Nf3 g6 3. c4 Bg7 4. Nc3 O-O 5. e3 d6 6. Be2 Nbd7 7. O-O e5 8. b4
e4 9. Nd2 Re8 10. Qc2 Qe7 11. a4 h5 12. Ba3 Nf8 13. Nd5 Nxd5 14. cxd5 Bf5 15.
Rac1 Rac8 16. Qb3 Qg5 17. Rfd1 Bh3 18. g3 Nh7 19. Rc3 Nf6 20. b5 Bg4 21. Bxg4
hxg4 22. Rdc1 Nxd5 23. R3c2 Bf8 24. Nc4 Rb8 25. a5 Red8 26. Nd2 Qf5 27. Qa2 Rd7
28. Rc4 Re8 29. Qc2 Bh6 30. Re1 Bg5 31. a6 b6 32. Nf1 Bd8 33. Rc1 Nf6 34. Rb4
Nh7 35. Qd1 Ng5 36. Rc2 Nf3+ 37. Kh1 f6 38. h4 Rh7 39. Nh2 g5 40. Nxf3 gxf3 0-1

[Event "Bochum 2- Herzogenrath"]
[Site "?"]
[Date "2023.04.23"]
[Round "7.3"]
[White "Schaefers, Andreas"]
[Black "Haverkamp, Klaus"]
[Result "1-0"]
[WhiteElo "2050"]
[BlackElo "1838"]
[PlyCount "81"]
[EventDate "2023.??.??"]
[SourceVersionDate "2023.06.22"]
[WhiteTeam "Bochumer SV 2"]
[BlackTeam "SV Herzogenrath"]

1. Nf3 Nf6 2. c4 e6 3. g3 d5 4. b3 Be7 5. Bg2 Nbd7 6. Bb2 O-O 7. O-O c6 8. d4
Ne4 9. Nfd2 Nxd2 10. Qxd2 f5 11. Nc3 Nf6 12. f3 Bd7 13. e4 dxe4 14. fxe4 Ng4
15. Qe2 e5 16. exf5 Bxf5 17. Ne4 Be6 18. h3 Nf6 19. Ng5 Bf7 20. dxe5 Bh5 21. g4
Qb6+ 22. Kh1 Nd7 23. gxh5 Bxg5 24. Qg4 Rxf1+ 25. Rxf1 Rf8 26. Rxf8+ Nxf8 27.
Qxg5 Qf2 28. Bc3 Qc2 29. Qd2 Qb1+ 30. Kh2 Qf5 31. h6 g5 32. Qe3 Ne6 33. Qf3 Nf4
34. Qg4 Qc2 35. Qxg5+ Ng6 36. Qf6 Qxg2+ 37. Kxg2 Nh4+ 38. Kf1 Nf5 39. e6 Ne3+
40. Kg1 Ng4 41. Qf7# 1-0

[Event "Bochum 2- Herzogenrath"]
[Site "?"]
[Date "2023.04.23"]
[Round "7.4"]
[White "Arns, Danny"]
[Black "Goralski, Christian"]
[Result "1-0"]
[WhiteElo "1857"]
[BlackElo "2134"]
[PlyCount "79"]
[EventDate "2023.??.??"]
[SourceVersionDate "2023.06.22"]
[WhiteTeam "SV Herzogenrath"]
[BlackTeam "Bochumer SV 2"]

1. e4 d5 2. exd5 Nf6 3. d4 Bg4 4. f3 Bf5 5. g4 Bg6 6. c4 e6 7. g5 Bb4+ 8. Kf2
Nfd7 9. Qb3 Be7 10. Qxb7 Nb6 11. Nh3 c5 12. Nc3 a6 13. Bf4 Bd6 14. Na4 Nxa4 15.
Qxa8 Bxf4 16. Nxf4 Qc7 17. Nxg6 hxg6 18. dxe6 O-O 19. Qd5 cxd4 20. exf7+ Rxf7
21. c5 Kh7 22. Bc4 Rf8 23. Qxd4 Rf4 24. Qd5 Qxc5+ 25. Qxc5 Nxc5 26. b3 Nc6 27.
Ke3 Rf8 28. Rhg1 Ne5 29. Bd5 Rd8 30. Kd4 Ned3 31. Rg4 Ne6+ 32. Kxd3 Rxd5+ 33.
Ke3 Nxg5 34. Rag1 Ne6 35. Rxg6 Re5+ 36. Kd2 Nf4 37. Rxg7+ Kh6 38. Rg8 Re2+ 39.
Kd1 Kh7 40. R8g4 1-0

[Event "Bochum 2- Herzogenrath"]
[Site "?"]
[Date "2023.04.23"]
[Round "7.5"]
[White "Hinkmann, Jens"]
[Black "Schmitt, Lars"]
[Result "1-0"]
[WhiteElo "2073"]
[BlackElo "1811"]
[PlyCount "51"]
[EventDate "2023.??.??"]
[SourceVersionDate "2023.06.22"]
[WhiteTeam "Bochumer SV 2"]
[BlackTeam "SV Herzogenrath"]

1. e4 e6 2. d4 d5 3. e5 c5 4. c3 Qb6 5. Nf3 Nc6 6. a3 cxd4 7. cxd4 Nh6 8. b4
Nf5 9. Bb2 Bd7 10. g4 Nfe7 11. Nc3 Ng6 12. h4 h5 13. g5 Be7 14. Rc1 a6 15. Na4
Qd8 16. Nc5 Bxc5 17. Rxc5 Na7 18. Bd3 Ne7 19. g6 f6 20. exf6 gxf6 21. g7 Rg8
22. Rg1 Kf7 23. Ne5+ fxe5 24. Qxh5+ Kf6 25. Bc1 Rxg7 26. Qh6+ 1-0

[Event "Bochum 2- Herzogenrath"]
[Site "?"]
[Date "2023.04.23"]
[Round "7.6"]
[White "Samraoui, Mekki"]
[Black "Peters, Michael"]
[Result "1/2-1/2"]
[WhiteElo "2054"]
[BlackElo "1996"]
[PlyCount "57"]
[EventDate "2023.??.??"]
[SourceVersionDate "2023.06.22"]
[WhiteTeam "SV Herzogenrath"]
[BlackTeam "Bochumer SV 2"]

1. b3 d5 2. Bb2 c5 3. e3 Nc6 4. f4 e6 5. Nf3 f6 6. a4 Bd6 7. g3 Qc7 8. Bg2 Nge7
9. Nc3 a6 10. O-O O-O 11. Qe2 b6 12. e4 d4 13. e5 dxc3 14. Bxc3 Nd5 15. exd6
Nxc3 16. Qd3 Ne2+ 17. Qxe2 Qxd6 18. Rae1 Bd7 19. Qc4 Kh8 20. d4 cxd4 21. Nxd4
Nxd4 22. Bxa8 Rxa8 23. c3 Nf5 24. Rd1 Qc6 25. Qd3 Qc5+ 26. Rf2 Be8 27. Qe4 Bc6
28. Qxe6 Re8 29. Qc4 1/2-1/2

[Event "Bochum 2- Herzogenrath"]
[Site "?"]
[Date "2023.04.23"]
[Round "7.7"]
[White "Peters, Olaf"]
[Black "Weyer, Hans-Juergen"]
[Result "1/2-1/2"]
[WhiteElo "1904"]
[BlackElo "1841"]
[PlyCount "87"]
[EventDate "2023.??.??"]
[SourceVersionDate "2023.06.22"]
[WhiteTeam "Bochumer SV 2"]
[BlackTeam "SV Herzogenrath"]

1. c4 Nf6 2. Nc3 e6 3. e4 d6 4. d4 Be7 5. Nf3 O-O 6. Be2 c5 7. O-O a6 8. h3 Qc7
9. Be3 Rd8 10. Rc1 Nbd7 11. Qc2 b6 12. b3 Bb7 13. d5 e5 14. Nd2 Nf8 15. f4 exf4
16. Bxf4 Ng6 17. Bh2 Bf8 18. Rf2 Nd7 19. Rcf1 Nge5 20. Bg4 Nxg4 21. hxg4 f6 22.
g5 Be7 23. gxf6 Bxf6 24. Nf3 Nf8 25. e5 dxe5 26. Ne4 Qe7 27. g4 h6 28. Rg2 Nh7
29. Qd2 Rf8 30. Nxf6+ Rxf6 31. Nxe5 Rxf1+ 32. Kxf1 Rf8+ 33. Rf2 Bc8 34. d6
Rxf2+ 35. Qxf2 Qe8 36. Qf3 Nf6 37. Kf2 Qe6 38. Bg3 Qxd6 39. Ke3 Qd4+ 40. Ke2
Nxg4 41. Qf7+ Kh7 42. Qg6+ Kg8 43. Qe8+ Kh7 44. Qg6+ 1/2-1/2

[Event "Bochum 2- Herzogenrath"]
[Site "?"]
[Date "2023.04.23"]
[Round "7.8"]
[White "Mertens, Yannick"]
[Black "Hart, Klaus"]
[Result "0-1"]
[WhiteElo "1788"]
[BlackElo "1806"]
[PlyCount "100"]
[EventDate "2023.??.??"]
[SourceVersionDate "2023.06.22"]
[WhiteTeam "SV Herzogenrath"]
[BlackTeam "Bochumer SV 2"]

1. Nf3 c5 2. d3 d5 3. c3 Nc6 4. Qc2 Bg4 5. Nbd2 Nf6 6. e4 e6 7. g3 Be7 8. Bg2
O-O 9. O-O Rc8 10. Qa4 h6 11. Re1 dxe4 12. dxe4 Nd7 13. Nc4 Qc7 14. Bf4 e5 15.
Bd2 Nf6 16. Ne3 Be6 17. Nh4 Rfd8 18. Nhf5 Bf8 19. Rad1 Qb6 20. Nd5 Nxd5 21.
exd5 Bxd5 22. Bxd5 Rxd5 23. Bc1 Rcd8 24. Rxd5 Rxd5 25. Qe4 Qd8 26. Qg4 Kh7 27.
Ne3 Rd6 28. Nc4 Re6 29. Rd1 Qe8 30. Ne3 g6 31. Nd5 Rd6 32. Qf3 Bg7 33. Be3 b6
34. Nc7 Rxd1+ 35. Qxd1 Qe7 36. Nd5 Qd8 37. Qf3 Ne7 38. Nf6+ Bxf6 39. Qxf6 Qd1+
40. Kg2 Qd5+ 41. Qf3 Qxf3+ 42. Kxf3 f5 43. b4 cxb4 44. cxb4 Nd5 45. Bd2 g5 46.
h4 Kg6 47. hxg5 hxg5 48. b5 e4+ 49. Ke2 f4 50. f3 Kf5 0-1

[Event "Holsterhausen- Euskirchen"]
[Site "?"]
[Date "2023.04.23"]
[Round "7.1"]
[White "Neubauer, Juergen"]
[Black "Schwalen, Peter"]
[Result "0-1"]
[WhiteElo "2059"]
[BlackElo "2092"]
[PlyCount "112"]
[SourceVersionDate "2023.06.22"]

1. e4 c5 2. Nf3 d6 3. d4 cxd4 4. Nxd4 Nf6 5. Nc3 a6 6. Be2 e5 7. Nf3 Be7 8. Bg5
Be6 9. O-O Nbd7 10. Qd2 Rc8 11. Bxf6 Nxf6 12. h3 O-O 13. Qe3 h6 14. Rad1 Qa5
15. Nd2 Rfe8 16. Nb3 Qc7 17. Kh1 b5 18. Bd3 Qb7 19. f4 b4 20. fxe5 dxe5 21. Ne2
Nd7 22. Ng3 Nc5 23. Nxc5 Bxc5 24. Qe2 Rc6 25. Nf5 Bf8 26. b3 g6 27. Ne3 Kg7 28.
Bc4 Bc5 29. Nd5 Be7 30. Rf3 Bd8 31. Rdf1 Rf8 32. Qf2 Bb6 33. Qg3 Bc7 34. Ne3
Bxc4 35. bxc4 Re6 36. Nd5 Bd8 37. Qf2 a5 38. c3 bxc3 39. Rxc3 Qc6 40. Qa7 Bb6
41. Nxb6 Qxb6 42. Qd7 Qc6 43. Qd5 Rb8 44. Rb3 Rb4 45. Rc1 Qa4 46. Rxb4 Qxb4 47.
c5 Qb2 48. Qc4 Rf6 49. c6 Rf2 50. Rg1 Rc2 51. Qd5 Qb8 52. Qd7 Qb5 53. Qe8 Rxc6
54. Rd1 Rc5 55. Rd7 Qf1+ 56. Kh2 Qf4+ 0-1

[Event "Holsterhausen- Euskirchen"]
[Site "?"]
[Date "2023.04.23"]
[Round "7.2"]
[White "Walbaum, Klaus"]
[Black "Herzwurm, Robert"]
[Result "1/2-1/2"]
[WhiteElo "2107"]
[BlackElo "1927"]
[PlyCount "92"]
[SourceVersionDate "2023.06.22"]

1. d4 Nf6 2. Nf3 g6 3. c4 Bg7 4. Nc3 O-O 5. g3 d6 6. Bg2 c5 7. O-O Nc6 8. d5
Na5 9. Nd2 a6 10. Qc2 Rb8 11. a3 Qc7 12. Ra2 Bd7 13. Nce4 Nxe4 14. Bxe4 b5 15.
b3 bxc4 16. bxc4 Nb3 17. Bb2 Nd4 18. Bxd4 Bxd4 19. h4 Rb7 20. h5 Rfb8 21. hxg6
hxg6 22. Nf3 Bg7 23. Qd2 Rb2 24. Rxb2 Rxb2 25. Qe3 Qa5 26. Bxg6 Bf6 27. Bd3 Qc3
28. Kg2 Bg4 29. Rh1 Bxf3+ 30. Qxf3 Bg7 31. Rh4 Qf6 32. Bh7+ Kh8 33. Rf4 Qh6 34.
Bd3 Bf6 35. Qg4 Rb8 36. Rf5 Rg8 37. Qf3 Rg5 38. a4 a5 39. Qe4 Rxf5 40. Qxf5 Kg7
41. f4 Bc3 42. Qg4+ Kf8 43. Qd7 Qf6 44. Qc8+ Kg7 45. Qg4+ Kf8 46. Bh7 Qh8
1/2-1/2

[Event "Holsterhausen- Euskirchen"]
[Site "?"]
[Date "2023.04.23"]
[Round "7.3"]
[White "Scholzen, Wolfgang"]
[Black "Kortenbusch, Christoph"]
[Result "1-0"]
[WhiteElo "2029"]
[BlackElo "2074"]
[PlyCount "85"]
[SourceVersionDate "2023.06.22"]

1. d4 Nf6 2. Nf3 g6 3. c4 Bg7 4. Nc3 O-O 5. Bg5 c5 6. d5 h6 7. Bh4 g5 8. Bg3 d6
9. e4 Nh5 10. Bd3 Nxg3 11. hxg3 e6 12. O-O exd5 13. exd5 Re8 14. Rc1 Nd7 15.
Bb1 Nf8 16. Qc2 Bg4 17. Rce1 Qd7 18. Nd1 Rxe1 19. Rxe1 Re8 20. Rxe8 Qxe8 21.
Ne3 Qd7 22. b3 Ng6 23. Qe4 f5 24. Nxf5 Bxf5 25. Qxf5 Qxf5 26. Bxf5 Ne5 27. Nd2
Kf8 28. f4 Nf7 29. Kf2 Ke7 30. Bg6 Nd8 31. Ne4 gxf4 32. gxf4 a6 33. Kf3 b5 34.
Kg4 bxc4 35. bxc4 Nb7 36. Ng3 Bf8 37. Bd3 Kf6 38. Ne4+ Kf7 39. Kf5 Nd8 40. Be2
Ke7 41. Kg6 Nf7 42. Bg4 Nd8 43. Nf6 1-0